000 00732nam a2200205Ia 4500
005 20260121110029.0
008 008 260114s9999 xx 000 0 hin d
020 _a9788132360322
037 _aEBOOK
040 _aCRL
_bhin
_cCRL
041 _ahin
_2hin
084 _qCRL
100 _aप्रकाश राठी / Prakash Rathi
_9941193
245 0 _aसूक्ष्म जीव विज्ञान एवं जैव सूचना तकनीकी / Sookshma Jeev Vigyan aur Jaiv Soochna Takneeki
260 _bभाषा प्रकाशन / Bhasha Prakashan
_c2021
856 _uhttps://bhashaprakashan.com/product-details/382676
942 _cEBOOK
999 _c1532858
_d1532858